Seuss Book or Not? Quiz Stats

 Plays Quiz Updated Apr 29, 2016

Challenge
Share
Tweet
Embed
Score 0/32 Timer 03:00
1 Play Today
Book Title (S)euss or (N)ot % Correct
The Cat in the Hat???
91%
One Fish Two Fish Red Fish Blue Fish???
90.4%
Hop on Pop???
86.2%
There's a Wocket in My Pocket!???
85.9%
If I Ran the Zoo???
80.3%
The Curious Flusher???
77.9%
The Angry Boots???
76.1%
Oh, the Thinks You Can Think!???
75.6%
Let's Hail Gale???
75.5%
Good Morning, Class!???
73.8%
One Hundred Green Oranges???
73.2%
Tricky Tuesday???
72.4%
The Foot Book???
72.3%
It's Always Colder With a Smolder???
71%
Bartholomew and the Oobleck???
69%
Charlie and His Groompas???
68.7%
Book Title (S)euss or (N)ot % Correct
Drop the Mop???
67.3%
Happy Birthday to You!???
66.5%
The Fletchers and Other Stories???
65.2%
I Had Trouble at Herbert Hollow???
64.5%
Thidwick the Big-Hearted Moose???
62.6%
Somewhere There's a Thimper???
61.2%
Hunches in Bunches???
60.9%
The Flickit Wickets???
58.5%
My Favorite Things???
57.8%
Ol' Schmoo McGoo???
55.7%
There's Something in My Bed!???
52.6%
On Beyond Zebra!???
46.8%
The King's Stilts???
38.9%
Scrambled Eggs Super!???
35.8%
The Cat's Quizzer???
29%
The Seven Lady Godivas???
26.4%

You're not logged in!

Compare scores with friends on all Sporcle quizzes.
Join for Free
OR
Log In

You Might Also Like...

Show Comments

Extras

Top Quizzes Today


Score Distribution

Your Account Isn't Verified!

In order to create a playlist on Sporcle, you need to verify the email address you used during registration. Go to your Sporcle Settings to finish the process.

Report this User

Report this user for behavior that violates our Community Guidelines.

Details: